000 00727nam a22002297a 4500
005 20170124110214.0
010 _aA-948943
020 _c195.00
_a0195645863
035 _aA-948943
037 _bCen Lib/Ret
040 _aDPL
_bEN
082 _a921
_bNAN
100 _aNanda, B. R.
_94766
245 _aJawaharlal Nehru :
_cby B.R.Nanda
_brebel and statesman /
260 _aNew Delhi
_bOxford University Press
_c1995
270 _aYMCA Library Building, Jai Singh Road
_bNew Delhi
_e110001
300 _a312p. :
_c21cm(pbk)
_bill.
500 _aIncludes index
650 _aNehru, Jawaharlal, -- (1889-1964)
_993044
650 _aPrime ministers -- Biography.
_923797
942 _2ddc
_cEN
_h921
_mNAN
999 _c133754
_d133754